LEADER 00953nam0 2200301 450 001 000019647 005 20070208080930.0 010 $a2-07-038730-5 100 $a20070208d1991----km-y0itaa50------ba 101 0 $afre 102 $aFR 200 1 $a<> voyeuse interdite$fNina Bouraoui 200 1 $a1 $n0005459 210 $a[Paris]$cGallimard$dc1991 215 $a142 p.$d18 cm 225 2 $aFolio$v2479 410 1$12001$aFolio$v2479 676 $a843$v(21. ed.)$9Narrativa francese 700 1$aBouraoui,$bNina$0442748 801 0$aIT$bUniversità della Basilicata - B.I.A.$gRICA$2unimarc 912 $a000019647 996 $aVoyeuse interdite$921318 997 $aUNIBAS BAS $aLETTERE CAT $aMDL$b30$c20070208$lBAS01$h0809 CAT $aBATCH$b00$c20070503$lBAS01$h1734 FMT Z30 -1$lBAS01$LBAS01$mBOOK$1BASA1$APolo Storico-Umanistico$2DID$BDidattica$3FP/105221$6105221$5L105221$820070208$f04$FPrestabile Didattica